Ημερολόγια των αρχαίων πολιτισμών της Ανατολικής Μεσογείου : Αίγυπτος, Μεσοποταμία και Ελλάδα : διπλωματική εργασία [πτυχιακή εργασία]
Saved in:
| Main Author: | |
|---|---|
| Corporate Author: | |
| Other Authors: | |
| Format: | Thesis Book |
| Language: | Greek |
| Published: |
2014
|
| Subjects: | |
| Online Access: | http://hdl.handle.net/11610/8165 |
| Tags: |
Add Tag
No Tags, Be the first to tag this record!
|
MARC
| LEADER | 00000cam a2200000 i 4500 | ||
|---|---|---|---|
| 001 | 1/57712 | ||
| 008 | 141008s2014 gre d | ||
| 035 | |l 10119398 | ||
| 040 | |a GR-MY-UA |b gre |e aacr | ||
| 041 | 0 | |a gre | |
| 082 | 0 | |a 529.3 |2 (22) | |
| 100 | 1 | |a Castro, Martin-Belen. | |
| 245 | 1 | 0 | |a Ημερολόγια των αρχαίων πολιτισμών της Ανατολικής Μεσογείου : |b Αίγυπτος, Μεσοποταμία και Ελλάδα : διπλωματική εργασία [πτυχιακή εργασία] / |c Belen Castro Martin ; επιβλέπων: Λυριτζής Ιωάννης |
| 260 | |c 2014 | ||
| 300 | |a 205 σ.; |b εικ., φωτ.; |c 30 εκ. | ||
| 500 | |a Μέλη εξεταστικής επιτροπής: Μουσσάς Ξ., Πρέκα Π. | ||
| 502 | |a Πτυχιακή εργασία – Πανεπιστήμιο Αιγαίου, Ρόδος, 2014. | ||
| 504 | |a Βιβλιογραφία: σ. 199-205 | ||
| 650 | 0 | 0 | |a Calendar, Greek. |
| 650 | 0 | 0 | |a Calendar, Egyptian. |
| 650 | 0 | 0 | |a Calendars. |
| 650 | 0 | 0 | |a Chronology, Historical. |
| 650 | 0 | 0 | |a Calendar |x Social aspects. |
| 650 | 0 | 0 | |a Dissertations, Academic |z Greece. |
| 700 | 1 | |a Λυριτζής, Ιωάννης. |4 ths | |
| 710 | 2 | |a Πανεπιστήμιο Αιγαίου |b Σχολή Ανθρωπιστικών Επιστημών |b Τμήμα Μεσογειακών Σπουδών. | |
| 852 | |a INST |b RHODES |c DIATR |e 20141008 |h 529.3 CAS |p 005400036994 |q 005400036994 |t DIE |y 23 | ||
| 852 | |a INST |b RHODES |c DIATR |e 20141008 |h 529.3 CAS |p 005400036995 |q 005400036995 |t DIE |y 23 | ||
| 856 | |u http://hdl.handle.net/11610/8165 | ||
| 901 | |a BIBL4-2014-3 | ||
| 909 | |a Ρ |b 183319 | ||
| 909 | |a Ρ |b 183320 | ||
| 924 | |a CASTRO |b MARTIN-BELEN |y ΡΟΔΟΣ |z 2014-06 | ||
| 970 | |z 2014/10/08 | ||